Les joueurs ayant marqué le plus de triplés au 21ème siècle - Statistiques

Statistiques générales
  • Ce quiz a été pris 610 fois
  • Le résultat moyen est 13 sur 20
Statistiques - réponses
Top Nationalité Nb de triplés Joueur % Correct
1 Portugal 62 Cristiano Ronaldo
100%
2 Argentine 57 Lionel Messi
100%
6 Norvège 18 Erling Haaland
96%
4 Uruguay 29 Luis Suarez
95%
3 Pologne 31 Robert Lewandowski
95%
5 Suède 20 Zlatan Ibrahimovic
95%
13 France 14 Kylian Mbappé
92%
7 Angleterre 18 Harry Kane
90%
11 Brésil 16 Neymar
88%
12 Uruguay 15 Edinson Cavani
83%
16 Gabon 12 Pierre-Emerick Aubamayang
78%
15 France 13 Karim Benzema
77%
19 France 12 Thierry Henry
63%
10 Argentine 18 Sergio Aguero
58%
14 Argentine 13 Gonzalo Higuain
44%
8 Allemagne 18 Mario Gomez
35%
20 Espagne 11 Raul
30%
9 Pays-Bas 18 Klaas-Jan Huntelaar
18%
17 Paraguay 12 Oscar Cardozo
6%
18 Espagne 12 Roberto Soldado
1%
Aucun quiz correspondant
Distribution des résultats
% des personnes avec chaque résultat
Percentile par nombre de réponses
Votre historique - résultats
Vous n’avez pas pris ce quiz